Human Physiology : [Đĩa CD-ROM] /
সংরক্ষণ করুন:
| প্রধান লেখক: | |
|---|---|
| অন্যান্য লেখক: | , |
| বিন্যাস: | সি ডি |
| ভাষা: | English |
| প্রকাশিত: |
Boston :
McGraw-Hill ,
1998
|
| ট্যাগগুলো: |
ট্যাগ যুক্ত করুন
কোনো ট্যাগ নেই, প্রথমজন হিসাবে ট্যাগ করুন!
|
| Thư viện lưu trữ: | Thư viện Trường Đại học Đà Lạt |
|---|
| LEADER | 00662nam a2200265 4500 | ||
|---|---|---|---|
| 001 | DLU050048990 | ||
| 005 | ##3/31/1999 | ||
| 020 | # | # | |a 0-07-115624-0 |
| 041 | # | # | |a eng |
| 082 | # | # | |a 612 |b VA-A |
| 100 | # | # | |a Vander, Arthur |
| 245 | # | # | |a Human Physiology : |b [Đĩa CD-ROM] / |c Arthur Vander, James Sherman, Dorothy Luciano |
| 260 | # | # | |a Boston : |b McGraw-Hill , |c 1998 |
| 300 | # | # | |a 1 đĩa CD-ROM 4 3/4 in. |
| 700 | # | # | |a Luciano, Dorothy |
| 700 | # | # | |a Sherman, James |
| 992 | # | # | |a 303788 |
| 994 | # | # | |a DLU |
| 900 | # | # | |a True |
| 911 | # | # | |a Administrator |
| 925 | # | # | |a CD |
| 926 | # | # | |a A |
| 927 | # | # | |a CD |
| 980 | # | # | |a Thư viện Trường Đại học Đà Lạt |


